[Event "Team junior-boys chess final"]
[Site "?"]
[Date "2015.05.02"]
[Round "2.2"]
[White "Suvorov, Aleksandr"]
[Black "Yeritsyan, Aram"]
[Result "1-0"]
[WhiteElo "1809"]
[BlackElo "1829"]
[PlyCount "85"]
[EventDate "2015.05.01"]

1. e4 c5 2. c3 d5 3. exd5 Qxd5 4. d4 Nf6 5. Nf3 Bg4 6. dxc5 Qxd1+ 7. Kxd1 e5 8.
b4 e4 9. h3 Bh5 10. g4 Nxg4 11. hxg4 Bxg4 12. Nbd2 exf3 13. Bd3 f5 14. Nc4 Nd7
15. Re1+ Kf7 16. Bf4 Be7 17. Nd6+ Bxd6 18. Bxd6 Rae8 19. Kc2 Nf6 20. Be5 Ne4
21. Bd4 h5 22. a4 h4 23. Bxe4 Rxe4 24. Rxe4 fxe4 25. Rg1 h3 26. Kd2 h2 27. Rh1
Rh5 28. Ke3 Bd7 29. b5 a6 30. c4 Be6 31. c6 bxc6 32. b6 c5 33. Bxc5 Bc8 34. Bd6
Ra5 35. Rxh2 Rxa4 36. Rh8 Bb7 37. Rb8 Ke6 38. Bf8 Bc6 39. Rc8 Bb7 40. Rc7 Ba8
41. b7 Bxb7 42. Rxb7 Rxc4 43. Bxg7 1-0

[Event "Team junior-boys chess final"]
[Site "?"]
[Date "2015.05.02"]
[Round "2.3"]
[White "Ivanov, Egor"]
[Black "Osipov, Daniil"]
[Result "0-1"]
[WhiteElo "1459"]
[BlackElo "1914"]
[PlyCount "72"]
[EventDate "2015.05.01"]

1. d4 Nf6 2. Nf3 g6 3. Bf4 d6 4. e3 Bg7 5. Nbd2 O-O 6. c3 Nh5 7. Bg5 f5 8. h3
h6 9. Bh4 Qe8 10. Nc4 g5 11. Bg3 Nxg3 12. fxg3 b5 13. Ncd2 a6 14. a4 bxa4 15.
Qxa4 c6 16. Qb3+ Kh8 17. g4 e6 18. O-O-O a5 19. Nc4 d5 20. Nd6 Qd7 21. Nxc8
Rxc8 22. Kd2 a4 23. Qa3 c5 24. dxc5 Bf8 25. Ne5 Qg7 26. Nd3 Na6 27. Qxa4 Nxc5
28. Qb5 Rab8 29. Nxc5 Rxb5 30. Bxb5 Bxc5 31. gxf5 exf5 32. Rde1 Rb8 33. b4 Rxb5
34. bxc5 Rb2+ 35. Kc1 Qxc3+ 36. Kd1 Qd2# 0-1

[Event "Team junior-boys chess final"]
[Site "?"]
[Date "2015.05.02"]
[Round "2.3"]
[White "Shirokov, Aleksey"]
[Black "Smelykh, Edvin"]
[Result "1-0"]
[WhiteElo "1839"]
[BlackElo "1238"]
[PlyCount "65"]
[EventDate "2015.05.01"]

1. e4 c5 2. Nf3 Nc6 3. d4 cxd4 4. Nxd4 g6 5. c4 Bg7 6. Be3 Nf6 7. Nc3 O-O 8.
Be2 d6 9. O-O Ne5 10. f3 Bd7 11. Qd2 Rc8 12. b3 a6 13. Rac1 Nc6 14. Rfd1 Qc7
15. Kh1 Rfd8 16. Nd5 Nxd5 17. cxd5 Qa5 18. dxc6 Qxd2 19. Rxd2 Bxc6 20. Nxc6
Rxc6 21. Rxc6 bxc6 22. Bxa6 c5 23. h3 Ra8 24. Bc4 h5 25. f4 Bc3 26. Rc2 Bb4 27.
f5 Kg7 28. Bg5 f6 29. Bd2 Ba3 30. fxg6 Kxg6 31. Bc1 Bb4 32. a3 Bxa3 33. Ra2 1-0

[Event "Team junior-boys chess final"]
[Site "?"]
[Date "2015.05.02"]
[Round "2.4"]
[White "Poliakov, Artem"]
[Black "Burhanov, Vassily"]
[Result "1-0"]
[WhiteElo "1883"]
[BlackElo "1773"]
[PlyCount "111"]
[EventDate "2015.05.01"]

1. d4 d5 2. c4 c6 3. cxd5 cxd5 4. Bf4 Nc6 5. e3 Nf6 6. Nc3 a6 7. Bd3 Bg4 8. Qb3
Na5 9. Qa4+ b5 10. Qc2 Rc8 11. h3 Bh5 12. Nge2 Bg6 13. Bxg6 hxg6 14. Qd3 e6 15.
O-O Bd6 16. Bg3 O-O 17. Rfc1 Bxg3 18. Nxg3 Qd6 19. Nce2 Qd7 20. Rc3 Rxc3 21.
Qxc3 Nc4 22. b3 Nb6 23. Qa5 Qb7 24. Rc1 Rc8 25. Kh2 Ne4 26. f3 Nxg3 27. Kxg3
Qb8+ 28. Kf2 Rxc1 29. Nxc1 Qc8 30. Ne2 Nd7 31. Qd2 Kf8 32. Qa5 Ke7 33. g3 Qc6
34. Qa3+ Qd6 35. Qxd6+ Kxd6 36. Nf4 Nb8 37. Nd3 Nc6 38. Ke2 a5 39. a3 Ne7 40.
Kd2 g5 41. g4 Ng6 42. Ke2 Kc6 43. Kf2 a4 44. Ke2 axb3 45. Kd2 f6 46. Kc3 Nh4
47. Ne1 f5 48. Kxb3 f4 49. exf4 gxf4 50. Kb4 Kb6 51. Nd3 g5 52. Ne5 Ka6 53. a4
bxa4 54. Kxa4 Ng2 55. Nf7 Nh4 56. Nxg5 1-0

[Event "Team junior-boys chess final"]
[Site "?"]
[Date "2015.05.02"]
[Round "2.4"]
[White "Ivanov, Pavel P"]
[Black "Shastitko, Danil"]
[Result "0-1"]
[WhiteElo "1723"]
[BlackElo "1974"]
[PlyCount "64"]
[EventDate "2015.05.01"]

1. d4 Nf6 2. c4 e6 3. Nc3 d5 4. cxd5 exd5 5. Bg5 Nbd7 6. e3 c6 7. Bd3 Be7 8.
Nge2 O-O 9. Qc2 h6 10. Bh4 Re8 11. O-O-O b5 12. Kb1 a5 13. Ka1 a4 14. f3 Nb6
15. Nb1 Bd7 16. Bg3 Nc4 17. Bxc4 bxc4 18. a3 Qb6 19. Nbc3 Qb3 20. Qxb3 axb3 21.
Be5 Bf5 22. Rde1 Bc2 23. g4 Nd7 24. Bf4 Nb6 25. e4 dxe4 26. fxe4 Bb4 27. e5 Na4
28. Bc1 Nxc3 29. Nxc3 Ra6 30. h3 Rea8 31. Bd2 Rxa3+ 32. bxa3 Bxa3 0-1

[Event "Team junior-boys chess final"]
[Site "?"]
[Date "2015.05.02"]
[Round "2.4"]
[White "Brin, Ilya"]
[Black "Kozhukhov, Aleksandr"]
[Result "1/2-1/2"]
[WhiteElo "1778"]
[BlackElo "1616"]
[PlyCount "86"]
[EventDate "2015.05.01"]

1. e4 c5 2. c3 d5 3. exd5 Qxd5 4. d4 Nf6 5. Nf3 e6 6. Bf4 Be7 7. Be2 O-O 8. O-O
Nc6 9. Na3 a6 10. Nc4 Qd8 11. a4 b6 12. Nfe5 Bb7 13. Bf3 Rc8 14. a5 bxa5 15.
Nxc6 Bxc6 16. Bxc6 Rxc6 17. Nxa5 Rc8 18. dxc5 Qxd1 19. Rfxd1 Rxc5 20. Bd6 Bxd6
21. Rxd6 Ra8 22. Nb3 Rb5 23. Rdxa6 Rab8 24. Nd4 Rxb2 25. Ra8 g6 26. c4 Kg7 27.
Rxb8 Rxb8 28. c5 Nd5 29. Rc1 Kf6 30. g3 Rc8 31. Kg2 e5 32. Nb3 Ke6 33. Ra1 Nb4
34. Ra4 Nd3 35. Ra6+ Ke7 36. c6 Nb4 37. Ra7+ Ke8 38. c7 Kd7 39. Nc5+ Kc6 40.
Ne4 Rxc7 41. Rxc7+ Kxc7 42. Ng5 f6 43. Nxh7 Nd5 1/2-1/2

[Event "Team junior-boys chess final"]
[Site "?"]
[Date "2015.05.02"]
[Round "2.4"]
[White "Dudin, Gleb"]
[Black "Mutovin, Egor"]
[Result "0-1"]
[WhiteElo "1711"]
[BlackElo "1548"]
[PlyCount "76"]
[EventDate "2015.05.01"]

1. Nf3 d5 2. d4 Nf6 3. c4 e6 4. Nc3 Nbd7 5. Bg5 c6 6. cxd5 exd5 7. e3 Be7 8.
Bd3 O-O 9. O-O Re8 10. Qc2 Nf8 11. Rab1 Ne4 12. Bxe7 Qxe7 13. b4 a6 14. a4 Ng6
15. b5 axb5 16. axb5 Nh4 17. Nxh4 Qxh4 18. Bxe4 dxe4 19. bxc6 bxc6 20. f3 Ba6
21. Nxe4 Bxf1 22. Rxf1 Qh6 23. f4 Qe6 24. Ng5 Qxe3+ 25. Kh1 g6 26. Qc4 Re7 27.
h4 Qe2 28. Qxe2 Rxe2 29. Rc1 Raa2 30. Rxc6 Rxg2 31. Rc8+ Kg7 32. Rc7 Rgf2 33.
Kg1 Rfb2 34. Rc1 Rg2+ 35. Kh1 Rh2+ 36. Kg1 Rag2+ 37. Kf1 Rxg5 38. hxg5 Rh1+ 0-1

[Event "Team junior-boys chess final"]
[Site "?"]
[Date "2015.05.03"]
[Round "3.1"]
[White "Bykov, Oleg"]
[Black "Privorotsky, Oleg"]
[Result "1-0"]
[WhiteElo "2225"]
[BlackElo "1924"]
[PlyCount "55"]
[EventDate "2015.05.01"]

1. d4 Nf6 2. c4 e6 3. Nf3 b6 4. a3 Ba6 5. e3 Be7 6. Nc3 O-O 7. Bd3 d5 8. cxd5
Bxd3 9. Qxd3 exd5 10. Ne5 c5 11. O-O Bd6 12. f4 c4 13. Qc2 Bxe5 14. fxe5 Ne8
15. e4 Nc6 16. exd5 Nxd4 17. Qe4 Nb3 18. Rb1 Rc8 19. Bf4 b5 20. Be3 a6 21. Rbd1
Nc5 22. Bxc5 Rxc5 23. d6 Qd7 24. Nd5 Qe6 25. Ne7+ Kh8 26. d7 Nd6 27. Rxd6 Qxe7
28. Qd4 1-0

[Event "Team junior-boys chess final"]
[Site "?"]
[Date "2015.05.03"]
[Round "3.1"]
[White "Bogolepov, Grigory"]
[Black "Yarygin, Maksim"]
[Result "1/2-1/2"]
[WhiteElo "1944"]
[BlackElo "1860"]
[PlyCount "87"]
[EventDate "2015.05.01"]

1. e4 c5 2. Nf3 d6 3. Bb5+ Bd7 4. Bxd7+ Qxd7 5. O-O g6 6. c3 Bg7 7. d4 cxd4 8.
cxd4 Nc6 9. Nc3 Nf6 10. Qe2 O-O 11. Bg5 h6 12. Bxf6 Bxf6 13. Rad1 Bg7 14. Rfe1
Rfd8 15. d5 Ne5 16. Nxe5 Bxe5 17. Qe3 Bxc3 18. bxc3 Kg7 19. Qd4+ f6 20. f4 e5
21. dxe6 Qxe6 22. Kh1 h5 23. h3 b6 24. Qf2 Qf7 25. Rd5 Rac8 26. Qg3 Rc5 27.
Red1 Rxd5 28. Rxd5 Re8 29. Qd3 Qe6 30. Rxd6 Qxe4 31. Rd7+ Kh6 32. Qxe4 Rxe4 33.
Rxa7 Rxf4 34. Ra6 Rc4 35. Rxb6 Rxc3 36. Rxf6 Ra3 37. Rf2 g5 38. Kg1 g4 39. hxg4
hxg4 40. Rb2 Kg5 41. Kf2 Kh4 42. Kf1 Ra8 43. Rc2 Kg3 44. Kg1 1/2-1/2

[Event "Team junior-boys chess final"]
[Site "?"]
[Date "2015.05.03"]
[Round "3.1"]
[White "Sokolov, Nikita Dm"]
[Black "Skatchkov, Valery"]
[Result "0-1"]
[WhiteElo "1983"]
[BlackElo "1846"]
[PlyCount "66"]
[EventDate "2015.05.01"]

1. d4 Nf6 2. c4 e6 3. Nc3 Bb4 4. e3 b6 5. Bd3 Bb7 6. Nf3 O-O 7. O-O d5 8. a3
Bxc3 9. bxc3 Nbd7 10. cxd5 exd5 11. c4 c5 12. Bb2 cxd4 13. Nxd4 dxc4 14. Bxc4
Ne5 15. Be2 Qe7 16. Rc1 Rad8 17. Qa4 Nd5 18. Nf3 Ng6 19. Ba6 Ba8 20. Rfd1 Nf6
21. Be2 Ne4 22. Bd4 Ng5 23. Ne1 Rd5 24. Qb4 Qb7 25. Qc3 Rf5 26. Bg4 Rxf2 27.
Bc8 Rxg2+ 28. Kf1 Rg1+ 29. Ke2 Qh1 30. Qc7 Be4 31. Kd2 Nf3+ 32. Nxf3 Qg2+ 33.
Kc3 Rxd1 0-1

[Event "Team junior-boys chess final"]
[Site "?"]
[Date "2015.05.03"]
[Round "3.1"]
[White "Suvorov, Aleksandr"]
[Black "Zhuravlev, Stepan"]
[Result "1-0"]
[WhiteElo "1809"]
[BlackElo "1879"]
[PlyCount "161"]
[EventDate "2015.05.01"]

1. e4 c6 2. Nf3 d5 3. Nc3 Bg4 4. h3 Bxf3 5. Qxf3 Nf6 6. d3 e6 7. Bd2 Nbd7 8. g4
Bd6 9. O-O-O Qc7 10. g5 Ng8 11. d4 Nb6 12. h4 O-O-O 13. Bd3 Kb8 14. Kb1 a6 15.
a3 Qd7 16. Rhe1 Rf8 17. Qh3 Ne7 18. f4 dxe4 19. Nxe4 Nbd5 20. Nxd6 Qxd6 21. c4
Nc7 22. f5 Re8 23. f6 gxf6 24. gxf6 Ng6 25. h5 Nf4 26. Qg3 e5 27. Rxe5 Nfe6 28.
Bc3 Qd8 29. Qf2 h6 30. Rde1 Reg8 31. Bc2 Rg4 32. R1e4 Rhg8 33. Rxg4 Rxg4 34.
Re4 Rg5 35. Bd1 Qg8 36. Qf3 Rg1 37. Rg4 Rxg4 38. Qxg4 Qxg4 39. Bxg4 Nf8 40. Bf5
Ne8 41. Bd2 Nxf6 42. Bxh6 Ne6 43. Bxe6 fxe6 44. Bf4+ Kc8 45. h6 Kd7 46. Kc2 Ke8
47. Be5 Nh7 48. Kd3 Kd7 49. Kc3 Ng5 50. Kd3 Ke7 51. Ke3 Kf7 52. Bf4 Nh7 53. Ke4
Kf6 54. d5 exd5+ 55. cxd5 cxd5+ 56. Kxd5 Ke7 57. Kc5 Kd7 58. Bg3 Nf6 59. Bh4
Nh7 60. Kd5 Nf8 61. Ke5 Nh7 62. Kf5 Ke8 63. Kg6 Nf8+ 64. Kg7 Ne6+ 65. Kg8 Nf8
66. h7 Nxh7 67. Kxh7 Kf7 68. Kh6 Ke6 69. Kg6 Kd5 70. Kf6 Kc4 71. Ke6 b5 72. Be1
Kb3 73. Bc3 a5 74. Kd5 b4 75. axb4 axb4 76. Bg7 Ka4 77. Kc4 Ka5 78. Kb3 Kb5 79.
Bf8 Ka5 80. Bxb4+ Kb5 81. Bf8 1-0

[Event "Team junior-boys chess final"]
[Site "?"]
[Date "2015.05.03"]
[Round "3.2"]
[White "Osipov, Daniil"]
[Black "Shemyakin, Valeriy"]
[Result "1/2-1/2"]
[WhiteElo "1914"]
[BlackElo "2080"]
[PlyCount "83"]
[EventDate "2015.05.01"]

1. e4 e5 2. Nf3 Nc6 3. Bb5 a6 4. Ba4 Nf6 5. O-O Bc5 6. Bxc6 dxc6 7. Nxe5 Nxe4
8. Qe2 Qd5 9. Nc3 Qxe5 10. Qxe4 Qxe4 11. Nxe4 Be7 12. d4 Bf5 13. Re1 O-O-O 14.
Ng3 Be6 15. Be3 Bf6 16. c3 h5 17. Ne4 Be7 18. Bg5 Rhe8 19. Bxe7 Rxe7 20. Nc5
Rde8 21. Nxe6 Rxe6 22. Kf1 Kd7 23. Rxe6 Rxe6 24. Re1 g5 25. Re3 f5 26. Rxe6
Kxe6 27. f4 g4 28. Ke2 a5 29. a4 Kd5 30. Kd3 c5 31. c4+ Kd6 32. d5 h4 33. g3
hxg3 34. hxg3 b6 35. b3 Kd7 36. Kd2 Kd6 37. Kd3 Kd7 38. Kd2 Kd6 39. Kd3 Kd7 40.
Kd2 Kd6 41. Ke3 Kd7 42. Kd2 1/2-1/2

[Event "Team junior-boys chess final"]
[Site "?"]
[Date "2015.05.03"]
[Round "3.2"]
[White "Neznanov, Aleksandr"]
[Black "Shirokov, Aleksey"]
[Result "1-0"]
[WhiteElo "1958"]
[BlackElo "1839"]
[PlyCount "137"]
[EventDate "2015.05.01"]

1. c4 Nf6 2. Nc3 c5 3. g3 d5 4. cxd5 Nxd5 5. Bg2 Nc7 6. Qb3 Nc6 7. Bxc6+ bxc6
8. Nf3 e6 9. d3 Be7 10. Ne5 Bd7 11. Qc4 Rb8 12. Ne4 Nd5 13. Nxd7 Qxd7 14. Nxc5
Bxc5 15. Qxc5 Rb5 16. Qc2 O-O 17. Bd2 e5 18. O-O f5 19. Rfc1 f4 20. b3 Rf6 21.
Qd1 g5 22. Qf1 Rb7 23. Rc4 Qe8 24. Re4 Rg7 25. d4 Re7 26. dxe5 Rxe5 27. Rxe5
Qxe5 28. Rc1 Qb2 29. Qd1 Qxa2 30. Bc3 Re6 31. Kf1 Qa6 32. Ra1 Qb5 33. Ra5 Qb6
34. Qd4 Qxd4 35. Bxd4 Re4 36. Bxa7 Rb4 37. Ra6 Rxb3 38. Rxc6 fxg3 39. hxg3 Rb7
40. Bd4 Rd7 41. e4 Ne7 42. Rc4 Kf7 43. Ke2 Rb7 44. f4 gxf4 45. gxf4 Ke6 46. Rc5
Kf7 47. f5 h5 48. Kf3 h4 49. Rc2 Rb3+ 50. Rc3 Rb5 51. Kf4 Rb4 52. Rd3 h3 53.
Bg1 Rb1 54. Bh2 Rf1+ 55. Rf3 Rh1 56. Rxh3 Rf1+ 57. Rf3 Rh1 58. Bg3 Nc6 59. Bf2
Kf6 60. Rd3 Ne7 61. e5+ Kf7 62. e6+ Ke8 63. f6 Nd5+ 64. Rxd5 Ra1 65. f7+ Ke7
66. Bc5+ Kxe6 67. f8=Q Rf1+ 68. Ke4 Rf4+ 69. Kxf4 1-0

[Event "Team junior-boys chess final"]
[Site "?"]
[Date "2015.05.03"]
[Round "3.2"]
[White "Porsev, Denis"]
[Black "Danilchenko, Dmitrij"]
[Result "1/2-1/2"]
[WhiteElo "1654"]
[BlackElo "1960"]
[PlyCount "68"]
[EventDate "2015.05.01"]

1. e4 e6 2. d3 d5 3. Nd2 c5 4. g3 Nc6 5. Bg2 Nf6 6. Ngf3 Be7 7. O-O O-O 8. Re1
Qc7 9. c3 b6 10. Ng5 h6 11. Nh3 Ba6 12. Qe2 dxe4 13. Nxe4 Rad8 14. Nf4 Kh8 15.
Nxf6 Bxf6 16. Be4 Rd7 17. Nh5 Bd8 18. Nxg7 Kxg7 19. Qg4+ Bg5 20. Bxg5 f5 21.
Bxh6+ Kxh6 22. Bxf5 exf5 23. Re6+ Kh7 24. Qg6+ Kh8 25. Rxc6 Qb7 26. Rf6 Rdf7
27. Qh6+ Kg8 28. Qg6+ Kh8 29. Qh5+ Kg8 30. Qg6+ Kh8 31. Qh6+ Kg8 32. Qg5+ Kh8
33. Qh6+ Kg8 34. Qg6+ Kh8 1/2-1/2

[Event "Team junior-boys chess final"]
[Site "?"]
[Date "2015.05.03"]
[Round "3.2"]
[White "Koren, Vladimir"]
[Black "Zuravlev, Mikhail"]
[Result "0-1"]
[WhiteElo "1872"]
[BlackElo "1807"]
[PlyCount "112"]
[EventDate "2015.05.01"]

1. e4 c5 2. Nf3 Nc6 3. Bb5 Na5 4. d4 a6 5. Be2 cxd4 6. Nxd4 g6 7. O-O Bg7 8.
Be3 Nf6 9. Nc3 Qc7 10. f4 d6 11. Nd5 Nxd5 12. exd5 Nc4 13. Qd3 Nxe3 14. Qxe3
Qb6 15. c3 Qxb2 16. Rfb1 Qa3 17. Nb3 Bf5 18. Re1 O-O 19. Qc1 Qxc1 20. Raxc1
Rac8 21. c4 Bb2 22. a4 Bxc1 23. Rxc1 b6 24. Nd4 Bd7 25. Ra1 Rc5 26. Nb3 Rc7 27.
a5 Rb8 28. Nd4 Rc5 29. Nb3 Rc7 30. Nd4 Ra7 31. Rb1 b5 32. Rb4 Rc8 33. cxb5 axb5
34. Nb3 Rc2 35. Bxb5 Rb7 36. Nd4 Ra2 37. Nc6 e6 38. a6 Rb6 39. Bd3 Rxb4 40.
Nxb4 Ra4 41. Bc2 Ra1+ 42. Kf2 Bb5 43. Bb3 exd5 44. Nxd5 Bxa6 45. Nf6+ Kh8 46.
Ne4 Rf1+ 47. Ke3 Re1+ 48. Kd4 f5 49. Nxd6 Kg7 50. Bd5 Kf6 51. Bf3 Ke6 52. Ne8
Rc1 53. Bd5+ Ke7 54. Ng7 Bc8 55. h3 Rd1+ 56. Ke5 Rxd5+ 0-1

[Event "Team junior-boys chess final"]
[Site "?"]
[Date "2015.05.03"]
[Round "3.3"]
[White "Poliakov, Artem"]
[Black "Levenshtein, Mark"]
[Result "0-1"]
[WhiteElo "1883"]
[BlackElo "2111"]
[PlyCount "138"]
[EventDate "2015.05.01"]

1. d4 Nf6 2. c4 g6 3. Nc3 Bg7 4. e4 O-O 5. Nf3 d6 6. Be2 e5 7. O-O Nc6 8. Re1
exd4 9. Nxd4 Nxe4 10. Nxc6 Nxc3 11. bxc3 bxc6 12. Bd2 c5 13. Rb1 Bf5 14. Rb3
Be6 15. Rb2 a5 16. Qb1 Qc8 17. Bd3 Rb8 18. Rb3 a4 19. Rxb8 Qxb8 20. Qc2 Qa7 21.
h4 Qa6 22. h5 Bxc4 23. Bxc4 Qxc4 24. Re4 Qd5 25. h6 Bf6 26. Rxa4 Bg5 27. Bxg5
Qxg5 28. Ra7 Qxh6 29. Rxc7 Re8 30. Qd1 Qf4 31. Rd7 Rb8 32. Qc2 h5 33. a4 Ra8
34. c4 h4 35. Qb3 Qc1+ 36. Kh2 Qf4+ 37. Kg1 Re8 38. Qc3 Qf5 39. Rxd6 Qb1+ 40.
Kh2 Qf5 41. Rf6 Qb1 42. Rf4 Re1 43. Rxh4 Rh1+ 44. Kg3 Qb8+ 45. f4 Rxh4 46. Kxh4
Qxf4+ 47. Kh3 g5 48. g3 Qf1+ 49. Kg4 Qd1+ 50. Kxg5 Qxa4 51. Qd3 Qc6 52. Qd8+
Kg7 53. Qb8 Qf6+ 54. Kg4 Qe6+ 55. Kf3 Qxc4 56. Qe5+ Kf8 57. Qd6+ Ke8 58. Qb8+
Kd7 59. Qb7+ Kd6 60. Qb8+ Kc6 61. Qc8+ Kb5 62. Qd7+ Kb4 63. g4 Qc3+ 64. Ke2
Qe5+ 65. Kf3 f6 66. Qb7+ Kc3 67. Qa8 Kd3 68. Qa4 Qe3+ 69. Kg2 Qe4+ 0-1

[Event "Team junior-boys chess final"]
[Site "?"]
[Date "2015.05.03"]
[Round "3.3"]
[White "German, Nikita"]
[Black "Shastitko, Danil"]
[Result "1-0"]
[WhiteElo "2013"]
[BlackElo "1974"]
[PlyCount "99"]
[EventDate "2015.05.01"]

1. e4 e5 2. Nf3 Nc6 3. d4 exd4 4. Nxd4 Bc5 5. Nb3 Bb6 6. Nc3 d6 7. Qe2 Nf6 8.
Be3 Be6 9. O-O-O Qe7 10. f3 O-O-O 11. g4 h6 12. h4 Ne5 13. Bxb6 axb6 14. Nd4 g6
15. Qb5 Bd7 16. Qb3 Nc6 17. Qa3 Kb8 18. Ncb5 Qe5 19. Bc4 Qc5 20. Nxc6+ Bxc6 21.
Qxc5 bxc5 22. Nc3 Rhf8 23. g5 Nd7 24. f4 Nb6 25. Bd5 Bxd5 26. exd5 f5 27. Rde1
Rde8 28. b3 Kc8 29. Kd2 Kd7 30. a4 h5 31. a5 Nc8 32. Kd3 Ne7 33. Re3 Ra8 34.
Ra1 c6 35. dxc6+ Nxc6 36. Nd5 Nb4+ 37. Nxb4 cxb4 38. Ra4 Rfb8 39. Re1 Ra6 40.
Rea1 b5 41. Rxb4 Kc6 42. Rd4 Re8 43. b4 d5 44. Ra3 Re1 45. Rc3+ Kb7 46. Rc5 Rh1
47. Rxb5+ Ka7 48. Rdxd5 Rxh4 49. Rd7+ Ka8 50. Re5 1-0

[Event "Team junior-boys chess final"]
[Site "?"]
[Date "2015.05.03"]
[Round "3.3"]
[White "Brin, Ilya"]
[Black "Tsoi, Dmitry"]
[Result "0-1"]
[WhiteElo "1778"]
[BlackElo "2018"]
[PlyCount "90"]
[EventDate "2015.05.01"]

1. d4 d5 2. c4 e6 3. Nc3 Be7 4. cxd5 exd5 5. Bf4 c6 6. e3 Nf6 7. Bd3 Bg4 8.
Nge2 Bh5 9. O-O Bg6 10. f3 O-O 11. Bg3 Re8 12. Bf2 Bf8 13. Ng3 Qd7 14. h3 Na6
15. e4 dxe4 16. fxe4 Nc7 17. Qd2 Rad8 18. Rad1 a6 19. Bb1 b5 20. a3 c5 21. e5
Bxb1 22. Nxb1 Nfd5 23. dxc5 Qc6 24. Qc2 Rxe5 25. Bd4 Ree8 26. Qf2 f6 27. b4 a5
28. Nh5 axb4 29. axb4 Ne6 30. Bb2 Ng5 31. Qg3 Ne4 32. Qb3 Kh8 33. Bd4 Nxb4 34.
Qxb4 Rxd4 35. Rxd4 Bxc5 36. Qb2 Qb6 37. Rfd1 Rd8 38. Qe2 Bxd4+ 39. Kf1 Re8 40.
Qg4 f5 41. Qxf5 g6 42. Qf7 Qb8 43. Rxd4 Rf8 44. Rd7 Rxf7+ 45. Rxf7 gxh5 0-1

[Event "Team junior-boys chess final"]
[Site "?"]
[Date "2015.05.03"]
[Round "3.3"]
[White "Yeritsyan, Aram"]
[Black "Mutovin, Egor"]
[Result "1-0"]
[WhiteElo "1829"]
[BlackElo "1548"]
[PlyCount "89"]
[EventDate "2015.05.01"]

1. e4 c6 2. d4 d5 3. Nd2 dxe4 4. Nxe4 Bf5 5. Ng3 Bg6 6. h4 h6 7. Nf3 Nd7 8. h5
Bh7 9. Bd3 Bxd3 10. Qxd3 e6 11. Bf4 Qa5+ 12. Bd2 Bb4 13. c3 Be7 14. a4 Ngf6 15.
b4 Qc7 16. a5 a6 17. Ne4 Nxe4 18. Qxe4 Nf6 19. Qe2 Bd6 20. Kf1 O-O 21. Re1 Nd7
22. g4 Rfe8 23. g5 e5 24. gxh6 exd4 25. Qxe8+ Rxe8 26. Rxe8+ Nf8 27. hxg7 Kxg7
28. Nxd4 Qd7 29. Re4 f5 30. Reh4 c5 31. Rg1+ Kh8 32. bxc5 Bxc5 33. Rg3 Ne6 34.
h6 f4 35. Rg6 f3 36. h7 Ng7 37. Kg1 Bxd4 38. cxd4 Qf7 39. Rhg4 Nf5 40. R6g5 Qa2
41. Rh5 Ne7 42. Bf4 Ng6 43. Rxg6 Qb1+ 44. Kh2 Qxg6 45. Be5+ 1-0

[Event "Team junior-boys chess final"]
[Site "?"]
[Date "2015.05.03"]
[Round "3.4"]
[White "Plaksin, Igor"]
[Black "Ivanov, Egor"]
[Result "1-0"]
[WhiteElo "1467"]
[BlackElo "1459"]
[PlyCount "39"]
[EventDate "2015.05.01"]

1. e4 c5 2. Nf3 Nc6 3. d4 cxd4 4. Nxd4 Nf6 5. Nc3 d6 6. f3 h5 7. Be3 e6 8. Qd2
Bd7 9. Ndb5 Qb8 10. O-O-O a6 11. Nxd6+ Bxd6 12. Qxd6 Qxd6 13. Rxd6 Ke7 14. Bc5
Kd8 15. Be2 Kc7 16. Rhd1 Rhd8 17. e5 Ne8 18. Na4 Nxd6 19. Bxd6+ Kc8 20. Nb6#
1-0

[Event "Team junior-boys chess final"]
[Site "?"]
[Date "2015.05.03"]
[Round "3.4"]
[White "Smelykh, Edvin"]
[Black "Sinyaev, Nil"]
[Result "0-1"]
[WhiteElo "1238"]
[BlackElo "1653"]
[PlyCount "42"]
[EventDate "2015.05.01"]

1. e4 e5 2. Nf3 Nc6 3. Bb5 a6 4. Bxc6 dxc6 5. O-O Bd6 6. d4 Bg4 7. c3 Nf6 8.
Nbd2 O-O 9. Re1 Re8 10. Qc2 Qd7 11. Nh4 Rad8 12. f3 Bh5 13. Nf5 Bg6 14. Ng3
exd4 15. cxd4 Bxg3 16. hxg3 Qxd4+ 17. Kf1 Nh5 18. Ke2 Nxg3+ 19. Kd1 Nxe4 20.
fxe4 Bh5+ 21. Re2 Qg1# 0-1

[Event "Team junior-boys chess final"]
[Site "?"]
[Date "2015.05.04"]
[Round "4.1"]
[White "Privorotsky, Oleg"]
[Black "Osipov, Daniil"]
[Result "1/2-1/2"]
[WhiteElo "1924"]
[BlackElo "1914"]
[PlyCount "99"]
[EventDate "2015.05.01"]

1. e4 c5 2. Nf3 Nc6 3. c3 Nf6 4. e5 Nd5 5. d4 cxd4 6. Bc4 Nb6 7. Bb3 d6 8. exd6
Qxd6 9. O-O e6 10. cxd4 Be7 11. Nc3 O-O 12. Be3 Nd5 13. Nxd5 exd5 14. Qd2 Be6
15. Rac1 Rac8 16. Bf4 Qd8 17. a3 Qb6 18. Ba2 Bf6 19. Rfd1 Rfd8 20. Be3 Bg4 21.
Rc3 Bxf3 22. gxf3 Ne7 23. Bb1 Qe6 24. Kh1 Qh3 25. Qe2 Nf5 26. Bxf5 Qxf5 27.
Rdc1 h6 28. Rxc8 Rxc8 29. Rxc8+ Qxc8 30. Qb5 Qc6 31. Qd3 Qc4 32. Qd1 b5 33. Kg2
h5 34. Qd2 h4 35. h3 g6 36. Qa5 Bxd4 37. Bxd4 Qxd4 38. Qxb5 Kg7 39. b4 Qd2 40.
Qc5 a6 41. a4 d4 42. Qe5+ Kg8 43. Qe8+ Kg7 44. Qe5+ Kh7 45. b5 axb5 46. axb5
Qb4 47. Qd5 Kg7 48. Qe5+ Kg8 49. Qe8+ Kg7 50. Qe5+ 1/2-1/2

[Event "Team junior-boys chess final"]
[Site "?"]
[Date "2015.05.04"]
[Round "4.1"]
[White "Shirokov, Aleksey"]
[Black "Bogolepov, Grigory"]
[Result "0-1"]
[WhiteElo "1839"]
[BlackElo "1944"]
[PlyCount "104"]
[EventDate "2015.05.01"]

1. e4 c5 2. Nf3 Nc6 3. d4 cxd4 4. Nxd4 e6 5. Nc3 Qc7 6. Be3 a6 7. Qd2 Nf6 8.
O-O-O Be7 9. f3 b5 10. g4 Nxd4 11. Qxd4 Bb7 12. g5 Nh5 13. Kb1 Rc8 14. a3 h6
15. h4 Bc5 16. Qd2 Bxe3 17. Qxe3 Nf4 18. Rd2 Kf8 19. Rg1 hxg5 20. hxg5 d5 21.
e5 Ng6 22. f4 Qc5 23. Qxc5+ Rxc5 24. Rf2 Rh4 25. Bd3 Rxf4 26. Rxf4 Nxf4 27. Rf1
Nxd3 28. cxd3 Kg8 29. d4 Rc7 30. Rh1 Rc8 31. Rh4 Rf8 32. Kc2 Bc6 33. b4 Be8 34.
Rf4 Kh7 35. Nd1 Kg6 36. Rf3 Kxg5 37. Rg3+ Kh6 38. Ne3 f5 39. Rh3+ Bh5 40. Ng2
g5 41. Rc3 f4 42. Kd2 f3 43. Ne3 g4 44. Nf1 Kg5 45. Rc6 Kh4 46. Rxe6 g3 47. Ke3
g2 48. Kf2 gxf1=Q+ 49. Kxf1 f2 50. Rh6 Kg5 51. Rxh5+ Kxh5 52. e6 Re8 0-1

[Event "Team junior-boys chess final"]
[Site "?"]
[Date "2015.05.04"]
[Round "4.1"]
[White "Skatchkov, Valery"]
[Black "Porsev, Denis"]
[Result "1-0"]
[WhiteElo "1846"]
[BlackElo "1654"]
[PlyCount "81"]
[EventDate "2015.05.01"]

1. c4 c5 2. g3 Nf6 3. Bg2 d5 4. cxd5 Nxd5 5. Nc3 Nc7 6. Nf3 Nc6 7. d3 e5 8. O-O
Be7 9. Qb3 O-O 10. h4 Kh8 11. Ne4 f6 12. Be3 b6 13. h5 Be6 14. Qa4 Nd4 15. Bxd4
cxd4 16. h6 g5 17. Rac1 Nd5 18. Qc6 Bg8 19. Qb7 g4 20. Nh4 f5 21. Nd2 f4 22.
Ne4 Rb8 23. Qxa7 Bf6 24. Nd6 Qxd6 25. Nf5 Rf7 26. Qxf7 Bxf7 27. Nxd6 Be6 28.
Ne4 Be7 29. Nd2 Bg5 30. Rc6 Bf7 31. Ne4 Be7 32. Nd6 Be6 33. Nc4 f3 34. Rxe6
fxg2 35. Kxg2 Bf6 36. Rd6 b5 37. Nd2 Rd8 38. Rxd8+ Bxd8 39. Rc1 Nb6 40. Rc5 Kg8
41. Rxe5 1-0

[Event "Team junior-boys chess final"]
[Site "?"]
[Date "2015.05.04"]
[Round "4.1"]
[White "Zuravlev, Mikhail"]
[Black "Suvorov, Aleksandr"]
[Result "1-0"]
[WhiteElo "1807"]
[BlackElo "1809"]
[PlyCount "81"]
[EventDate "2015.05.01"]

1. e4 d5 2. exd5 Qxd5 3. Nc3 Qa5 4. d4 Nf6 5. Nf3 c6 6. Bd3 Bg4 7. h3 Bh5 8. g4
Bg6 9. Ne5 Nbd7 10. Bf4 Nd5 11. Nc4 Nxc3 12. Nxa5 Nxd1 13. Rxd1 O-O-O 14. Nxc6
e5 15. Nxd8 exf4 16. Bxg6 fxg6 17. Ne6 Bd6 18. Kd2 Nf6 19. Rhe1 Kd7 20. Ng5 Rf8
21. Ne4 Nxe4+ 22. Rxe4 g5 23. f3 h5 24. Rh1 Rh8 25. Ree1 Be7 26. a3 b5 27. c3
a6 28. Kd3 Kd6 29. b3 Rb8 30. Re4 Rh8 31. Rhe1 Bf6 32. Re6+ Kd7 33. Rxa6 hxg4
34. hxg4 Rh3 35. Ke4 Rh2 36. Kd5 Rc2 37. Ra7+ Kd8 38. Kd6 Rxc3 39. Ra8+ Rc8 40.
Re8+ Kxe8 41. Rxc8+ 1-0